| 000 | 00573cam a2200229 a 4500 | ||
|---|---|---|---|
| 999 |
_c8805 _d8805 |
||
| 001 | 8805 | ||
| 003 | BD-JhCC | ||
| 005 | 20180718201205.0 | ||
| 008 | 120430s enka 000 0 eng d | ||
| 035 | _a(BD-JhCC)8805 | ||
| 040 |
_aBD-JhCC _dBD-JhCC |
||
| 041 | _aeng | ||
| 082 |
_bMAH _a516.3 |
||
| 100 | 1 | _aMahmud, Sultan | |
| 245 | 1 | 0 |
_aA hand book of Co-ordinate geometry / _cSultan Mahmud, |
| 260 |
_aDacca : _bEast Bengal, |
||
| 300 |
_a281 p. : _bill. ; _c20 cm. |
||
| 650 | 0 | _aGeometry, Analytic | |
| 650 | 0 | _aCoordinates | |
| 942 |
_2ddc _cBK |
||